Acta mexicana de ciencia y tecnología /
Guardado en:
| Nuevo Título: | Acta mexicana de ciencia y tecnología. Nueva época |
|---|---|
| Autor Corporativo: | |
| Formato: | Revista |
| Idioma: | Spanish |
| Publicado: |
México :
Instituto Politécnico Nacional,
1967-1980.
|
| Materias: | |
| Etiquetas: |
Agregar Etiqueta
Sin Etiquetas, Sea el primero en etiquetar este registro!
|
| LEADER | 01102nas a2200217 4500 | ||
|---|---|---|---|
| 001 | CARPC.003198 | ||
| 008 | 040211d19671980mx##|#p#######0###b0spa|| | ||
| 005 | 20160603124145.0 | ||
| 210 | 0 | |a Act. mex. cienc. tecnol. | |
| 245 | 0 | 0 | |a Acta mexicana de ciencia y tecnología / |c Instituto Politécnico Nacional. |
| 260 | |a México : |b Instituto Politécnico Nacional, |c 1967-1980. | ||
| 310 | |a Irregular. | ||
| 362 | 0 | |a Vol. 1, no. 1 (1967) - Vol. 14, no. 39-40 (1980). | |
| 500 | |a La publicación dejó de aparecer durante algunos años, por ese motivo al continuar su publicación se editan los vols. 9-10 y 11-12 que corresponden a los bienios 1975-76 y 1977-78 numerados 25-30 y 31-34, respectivamente, continuando con esta numeración, hasta finalizar en 1980, Continúa en 1983 con la serie llamada Nueva época.durante los años 1981 y 82 no e publica ningún vol. | ||
| 510 | 0 | |a MR | |
| 510 | 0 | |a ZM | |
| 785 | 0 | 0 | |t Acta mexicana de ciencia y tecnología. Nueva época |w B385A |
| 710 | 2 | |a Instituto Politécnico Nacional | |
| 653 | |a Matematica | ||
| 110 | ^ | i | |t 201606031255 |x 1464969304 |
| 866 | |9 EMA |a 1967-1980 1-14 | ||
